Η δομή των επιστημονικών επαναστάσεων
Αποθηκεύτηκε σε:
| Κύριος συγγραφέας: | |
|---|---|
| Άλλοι συγγραφείς: | , |
| Μορφή: | Βιβλίο |
| Γλώσσα: | Greek |
| Δημοσίευση: |
Θεσσαλονίκη :
Σύγχρονα Θέματα,
1987.
|
| Έκδοση: | 4η εκδ. |
| Σειρά: | Προβλήματα μεθόδου και εξέλιξης της επιστήμης
|
| Θέματα: | |
| Ετικέτες: |
Προσθήκη ετικέτας
Δεν υπάρχουν, Καταχωρήστε ετικέτα πρώτοι!
|
MARC
| LEADER | 00000cam a2200000 i 4500 | ||
|---|---|---|---|
| 001 | 1/40243 | ||
| 008 | 950213s1987####gr | ||| |||| ||gre|| | ||
| 035 | |a 1995 |l 10041207 | ||
| 040 | |a GR-MyUA |b gre |e AACR2 | ||
| 041 | 1 | |a gre | |
| 082 | 0 | |a 501 | |
| 100 | 1 | |a Kuhn, Thomas S. | |
| 245 | 1 | 2 | |a Η δομή των επιστημονικών επαναστάσεων / |c Thomas S. Kuhn ; μετάφραση: Γ. Γεωργακόπουλος, Β. Κάλφας. |
| 250 | |a 4η εκδ. | ||
| 260 | |a Θεσσαλονίκη : |b Σύγχρονα Θέματα, |c 1987. | ||
| 300 | |a 257 σ. ; |c 21 εκ. | ||
| 490 | 1 | |a (Προβλήματα μεθόδου και εξέλιξης της επιστήμης) | |
| 650 | 0 | 0 | |a Science |x Philosophy. |
| 650 | 0 | 0 | |a Science |x History. |
| 700 | 1 | |a Γεωργακόπουλος, Γ. |e trl | |
| 700 | 1 | |a Κάλφας, Βασίλης, |d 1953- |e trl | |
| 830 | 0 | |a Προβλήματα μεθόδου και εξέλιξης της επιστήμης | |
| 852 | |a INST |b SAMOS |e 19950213 |h 501 KUH |p 005300006246 |q 005300006246 |t BK |y 0 | ||
| 909 | |a Σ |b 035573 | ||